| 000 | 00994cad a22002055a 4500 | ||
|---|---|---|---|
| 001 | L154614 | ||
| 008 | 120105e20120104xxk f 000 0 eng d | ||
| 035 | _a(Sirsi) u154614 | ||
| 041 | 0 | _aeng | |
| 110 | 2 |
_aMarkit _95915 |
|
| 245 | 0 | 0 |
_aConstruction sector activity rises, but confidence remains subdued _h[electronic resource] |
| 260 | _c2012 | ||
| 490 |
_aMarkit/CIPS UK Construction PMI News Release _v4 January 2012 |
||
| 520 | _aKey points for the UK construction industry are: all three broad sub-sectors register growth of output, further expansion of new business supports increases in activity and employment, and general concerns over future market conditions and client confidence weigh on sentiment. | ||
| 590 | _aKA | ||
| 651 | 4 |
_aUnited Kingdom _y |
|
| 690 | _aBUILT ENVIRONMENT-CONSTRUCTION MARKET | ||
| 856 | 4 | 0 |
_uhttps://www.markiteconomics.com/MarkitFiles/Pages/ViewPressRelease.aspx?ID=9024 _zView the news release free of charge at www.markiteconomics.com |
| 942 | _n0 | ||
| 999 |
_c113067 _d113067 |
||